Регионална библиотека "Любен Каравелов" - Русе

Икономическата интеграция на България със Съветския съюз (Запис номер 130157)

MARC детайли
000 -Лидер
Контролно поле с фиксирана дължина nam a22 a 4500
003 - Код на организацията, давaща контролен номер
Контролно поле BLK
005 - Дата и час на последна редакция
Контролно поле 20220818101842.0
008 - Елементи от данни с фиксирана дължина
fixed length control field 180409b bul|||||r ||||||| ||bul||
010 ## - Наследен системен номер
LC control number KNG00135915000
040 ## - Източник на каталожния запис
Идентификатор на билиотеката - собственик на записа BLK
041 ## - Код за език
Код за езика на текст/звукозапис или на отделно заглавие Български
Код за езика КДБФ Български
080 ## - УДК
Текстов определител УДК Международно икономическо сътрудничество. Международна икономическа интеграция. Трансфер на технологии (икон. аспекти)
УДК код - определител по УДК 339.92
УДК определител (497.2:47+57)
УДК - код + определител 339.92(497.2:47+57)
100 1# - Редна дума - Автор
Автор Божков, Цвятко Ангелов
Авторска отговорност първи автор
R(LIN) 322041
139 ## - Редно поле
Редна дума Божков, Цвятко Ангелов
Авторски знак Божк - Б 57
245 10 - Сведения за заглавието
Заглавие Икономическата интеграция на България със Съветския съюз
Подзаглавни данни Очерк
Редно поле (дума) Цвятко Ангелов Божков.
257 ## - Страна на издаване
Страна на създаване/издаване България
260 ## - Област на издателските данни
Име на издателя, разпространителя и проч. Профиздат
Година на издаване 1973
Място на издаване, разпространение и проч. София
300 ## - Физическа характеристика
Страници 71 с. с табл.
Размери/Мащаб 19 см
380 ## - Жанр
Жанр Обществени науки
500 ## - Общи забележки
Забележка 5 156 тир. - Библиогр. с. 66-68.
650 #4 - Допълнително описание по предмет – тема
Основно описание – тема или топоним Икономическа интеграция - България със СССР
9 (RLIN) 322042
650 #4 - Допълнително описание по предмет – тема
Основно описание – тема или топоним България и СССР
9 (RLIN) 269930
651 #4 - Допълнително описание по предмет - топоним
Географско понятие България
9 (RLIN) 241624
651 #4 - Допълнително описание по предмет - топоним
Географско понятие СССР
9 (RLIN) 179592
653 ## - Ключова дума – ненормативна
Ключова дума икономическа интеграция
653 ## - Ключова дума – ненормативна
Ключова дума България
653 ## - Ключова дума – ненормативна
Ключова дума СССР
653 ## - Ключова дума – ненормативна
Ключова дума очерци
852 ## - Местоположение
Форматна сигнатура Цб 71232
Фондова буква Хранилище
856 4# - Електронен адрес и достъп
Електронен формат pdf - файл
856 4# - Електронен адрес и достъп
Електронен формат pdf - файл
999 ## - СИСТЕМНИ КОНТРОЛНИ НОМЕРА
Koha biblionumber 130157
Koha biblioitemnumber 130157
942 ## - АРТИКУЛИ
Вид на библиотечния материал Книги
Скрит в OPAC Не
Периодичен библиозапис Да
944 ## - СЪЗДАВАНЕ И РЕДАКЦИЯ на ЗАПИСА
Създаване/Редакция Създаване
Дата на регистрацията/редакция 07.11.2012
Статус, дата на статуса 07.11.2012 - от С1,Р / 07.11.2012
Служител, извършил регистрацията/редакцията Камелия_Данева
944 ## - СЪЗДАВАНЕ И РЕДАКЦИЯ на ЗАПИСА
Създаване/Редакция Редакция
Дата на регистрацията/редакция 07.11.2012
Статус, дата на статуса 07.11.2012 - от С1,Р / 07.11.2012
944 ## - СЪЗДАВАНЕ И РЕДАКЦИЯ на ЗАПИСА
Създаване/Редакция Редакция
Дата на регистрацията/редакция 2022-08-18
Статус, дата на статуса 2022-08-18
999 ## - СИСТЕМНИ КОНТРОЛНИ НОМЕРА
Koha biblioitemnumber 130157
Наличности
Код за отписване Код за изгубен артикул Източник на класификационната схема Код за повреда Коз за рестрикции Код за отдаване Артикулен № Име на библиотеката - собственик Име на библиотеката, в която се намира в момента Статус (Текущо местоположение) Дата на вписване в системата Местоположение - отдел Цена в лева Инвентарен номер Систематично азбучна сигнатура Баркод Номер на екземпляра Цена в евро Служебна бележка Служебен тип на артикула
  Не е изгубен Universal Decimal Classification Не е повреден само за читалня ползва се в читалня 211601 Регионална библиотека "Любен Каравелов" Русе Регионална библиотека "Любен Каравелов" Русе Хранилище 1973-01-01 Хранилище 0.20 163357 Цб 71232 120000163357 1 0.10 N: стар фонд Дата: 01.01.1973 Книги
Изтеглен Не е изгубен Universal Decimal Classification Не е повреден без рестрикции заемане за дома 211602 Регионална библиотека "Любен Каравелов" Русе Регионална библиотека "Любен Каравелов" Русе Заемна - подръчен фонд 1973-01-01 Заемна - подръчен фонд 0.00 162867 П 330/Б 57 162867 2 0.00 N: стар фонд Дата: 01.01.1973 Книги
Vip Innovations Ltd, Rousse, Bulgaria 2025